[Event "JAN 2010 STANDARD CHESS TOURNAMENT"]
[Site "SchemingMind.com"]
[Date "2010.01.23"]
[Round "-"]
[White "mmccaffe"]
[Black "APB"]
[Result "1-0"]
[WhiteCountry "USA"]
[BlackCountry "ENG"]
[WhiteElo "1692"]
[WhiteRD "61"]
[BlackElo "1646"]
[BlackRD "59"]
[GameID "236309"]

1. e4 c5 2. Nf3 e6 3. d3 Nc6 4. g3 Nge7 5. Bg2 g6 6. Nc3 Bg7 7. O-O O-O 8. Bd2 d5 9. exd5 exd5 10. Rb1 h6
11. Nh4 Be6 12. f4 Bd4+ 13. Kh1 a6 14. Nf3 Bg4 15. h3 Bxf3 16. Qxf3 Bxc3 17. Bxc3 d4 18. Bd2 b5 19. g4 c4 20. f5 Ne5
21. Qf4 N7c6 22. Bxc6 Nxc6 23. Qxh6 Qd5+ 24. Kg1 f6 25. Qxg6+ Kh8 26. g5 Rg8 27. Qh6#
1-0

[Event "JAN 2010 STANDARD CHESS TOURNAMENT"]
[Site "SchemingMind.com"]
[Date "2010.01.28"]
[Round "-"]
[White "mmccaffe"]
[Black "Naoki_M"]
[Result "1-0"]
[WhiteCountry "USA"]
[BlackCountry "JPN"]
[WhiteElo "1750"]
[WhiteRD "56"]
[BlackElo "1682"]
[BlackRD "75"]
[GameID "236310"]

1. e4 c5 2. Nf3 d6 3. d4 cxd4 4. Nxd4 e5 5. Nb3 Nf6 6. Nc3 Be6 7. Bg5 Be7 8. Bxf6 Bxf6 9. Nd5 Nc6 10. Qf3 O-O
11. Nxf6+ Qxf6 12. Qxf6 gxf6 13. Bd3 b6 14. Ke2 Rfc8 15. a3 Bxb3 16. cxb3 Nd4+ 17. Ke3 Nxb3 18. Rab1 a5 19. Rhd1 Kg7 20. h3 Rc5
21. f3 Rac8 22. g3 Kg6 23. h4 h6 24. Ke2 Nc1+ 25. Kd2 Nxd3 26. Kxd3 Rc2 27. Rd2 Rxd2+ 28. Kxd2 f5 29. Rd1 f4 30. g4 Rc6
31. Kd3 Kf6 32. Kd2 Ke6 33. g5 h5 34. Rg1 f5 35. g6 Rc8 36. exf5+ Kxf5 37. g7 Rg8 38. Rc1 Rxg7 39. Rc6 Rb7 40. Rxd6 b5
41. Rh6 e4 42. Rxh5+ Kg6 43. Rg5+ Kf6 44. fxe4 Ke6 45. Rf5 Rf7 46. Rxf7 Kxf7 47. Ke2 Kf6 48. Kf3 Ke5 49. h5
1-0

[Event "JAN 2010 STANDARD CHESS TOURNAMENT"]
[Site "SchemingMind.com"]
[Date "2010.01.23"]
[Round "-"]
[White "mmccaffe"]
[Black "MOIMOI"]
[Result "1-0"]
[WhiteCountry "USA"]
[BlackCountry "POL"]
[WhiteElo "1692"]
[WhiteRD "61"]
[BlackElo "1599"]
[BlackRD "54"]
[GameID "236312"]

1. e4 e5 2. Nf3 Nc6 3. Bb5 d6 4. d4 a6 5. Ba4 b5 6. Bb3 Bg4 7. d5 Nd4 8. Nbd2 Be7 9. c3 Nxf3+ 10. Nxf3 Nf6
11. Bc2 Rc8 12. h3 Bxf3 13. Qxf3 Nd7 14. Qg3 Bf6 15. O-O Nf8 16. a4 Ng6 17. axb5 axb5 18. Qd3 Qd7 19. Ra5 O-O 20. Qxb5 Qd8
21. g3 h6 22. Be3 Rb8 23. Qc6 Rxb2 24. Bd3 Ne7 25. Qa4 Nc8 26. c4 Bg5 27. f4 exf4 28. gxf4 Bf6 29. Ra8 Qe7 30. c5 dxc5
31. Rc1 Bd4 32. Bxd4 cxd4 33. Qxd4 Rb6 34. e5 Qh4 35. Qe3 Ne7 36. Rxf8+ Kxf8 37. d6 Nd5 38. dxc7 Rg6+ 39. Bxg6
1-0

[Event "JAN 2010 STANDARD CHESS TOURNAMENT"]
[Site "SchemingMind.com"]
[Date "2010.01.23"]
[Round "-"]
[White "mmccaffe"]
[Black "NAZRIZ1977"]
[Result "1-0"]
[WhiteCountry "USA"]
[BlackCountry "WLS"]
[WhiteElo "1750"]
[WhiteRD "56"]
[BlackElo "1772"]
[BlackRD "61"]
[GameID "236313"]

1. e4 c6 2. d4 d5 3. Nc3 dxe4 4. Nxe4 Bf5 5. Ng3 Bg6 6. Nf3 Nd7 7. c3 Qc7 8. Bd3 Bxd3 9. Qxd3 e6 10. Bd2 Ngf6
11. O-O Be7 12. Ne4 O-O 13. Nxf6+ Bxf6 14. Be3 Rad8 15. Qe2 c5 16. Rfd1 Rfe8 17. Rd2 a6 18. Rad1 cxd4 19. Bxd4 b5 20. h3 h6
21. Rd3 e5 22. Re3 Nf8 23. Re1 exd4 24. Rxe8 dxc3 25. Rxd8 Qxd8 26. bxc3 Bxc3 27. Rd1 Qf6 28. Qd3 Ne6 29. Rc1 b4 30. a3 a5
31. axb4 axb4 32. Rb1 Nf4 33. Qe3 Nxh3+ 34. Kh2= Nf4 35. Qe8+ Kh7 36. Qe4+ g6 37. g3 Ne6 38. Kg2 Nc5 39. Qd5 Ne6 40. Ng1 Nc7
41. Qd3 Qc6+ 42. Qf3 Qc4 43. Ne2 Bg7 44. Rc1 Qe6 45. Rxc7
1-0

[Event "JAN 2010 STANDARD CHESS TOURNAMENT"]
[Site "SchemingMind.com"]
[Date "2010.01.23"]
[Round "-"]
[White "lame wolf"]
[Black "mmccaffe"]
[Result "0-1"]
[WhiteCountry "INT"]
[BlackCountry "USA"]
[WhiteElo "1052"]
[WhiteRD "44"]
[BlackElo "1615"]
[BlackRD "59"]
[GameID "236314"]

1. Nf3 Nf6 2. d4 g6 3. c4 Bg7 4. e3 O-O 5. Bd3 d6 6. d5 c6 7. O-O cxd5 8. Qc2 dxc4 9. Qxc4 Nc6 10. Bd2 Bd7
11. b4 a6 12. Nc3 Rc8 13. b5 Ne5 14. Nxe5 Rxc4 15. Bxc4 dxe5 16. bxa6 bxa6 17. Nd5 Nxd5 18. Bxd5 Bb5 19. Rfc1 Qxd5 20. Rd1 Bc6
21. f3 Rd8 22. e4 Qd4+ 23. Kh1 Bh6 24. Bxh6 Qxd1+
0-1

[Event "JAN 2010 STANDARD CHESS TOURNAMENT"]
[Site "SchemingMind.com"]
[Date "2010.01.24"]
[Round "-"]
[White "e_castle3"]
[Black "mmccaffe"]
[Result "1/2-1/2"]
[WhiteCountry "PHI"]
[BlackCountry "USA"]
[WhiteElo "1761"]
[WhiteRD "80"]
[BlackElo "1677"]
[BlackRD "60"]
[GameID "236315"]

1. f4 d5 2. Nf3 e6 3. e3 c5 4. Be2 Nc6 5. O-O Nf6 6. c3 Be7 7. d4 O-O 8. Ne5 Bd7 9. Nd2 a6 10. Ndf3 Ne4
11. Bd3 f5 12. Nxc6 Bxc6 13. Ne5 c4 14. Bxe4 fxe4 15. Bd2 Qb6 16. Qc2 Bd6 17. b3 cxb3 18. axb3 Bxe5 19. fxe5 Bb5= 20. Rxf8+ Rxf8
21. c4 Rc8 22. c5 Qd8 23. Qd1 Qg5 24. Qc2 Rf8 25. Re1 Qf5 26. Qd1 Qf2+ 27. Kh1 Rf5 28. Rg1 Qf1 29. h3 Qxd1 30. Rxd1 Rf1+
31. Rxf1 Bxf1 32. Kg1 Be2 33. Kf2 Bh5 34. g4 Bf7 35. h4 g6 36. g5 Kf8 37. Ke2 Be8 38. Ba5 Bb5+ 39. Kd2 Ke7 40. Kc3=
1/2-1/2

[Event "JAN 2010 STANDARD CHESS TOURNAMENT"]
[Site "SchemingMind.com"]
[Date "2010.01.23"]
[Round "-"]
[White "APB"]
[Black "mmccaffe"]
[Result "0-1"]
[WhiteCountry "ENG"]
[BlackCountry "USA"]
[WhiteElo "1609"]
[WhiteRD "61"]
[BlackElo "1712"]
[BlackRD "65"]
[GameID "236316"]

1. e4 c5 2. Nc3 d6 3. g3 g6 4. Bb5+ Bd7 5. Qe2 Bg7 6. Nf3 Nc6 7. Bxc6 Bxc6 8. e5 dxe5 9. d3 Qc7 10. Bd2 e6
11. Be3 b6 12. O-O-O Qb7 13. Ne4 Bxe4 14. dxe4 Qxe4 15. Qd2 Qb7 16. Qc3 Qc7 17. Bf4 f6 18. Be3 Ne7 19. Qc4 Kf7 20. Nd2 Rhd8
21. f4 Nd5 22. Bf2 exf4 23. gxf4 Qxf4 24. Qe2 Bh6 25. Bg3 Qa4 26. a3 Nb4 27. Kb1 Qxc2+ 28. Ka1 Nd3 29. Rb1 Qxd2 30. Qxd2 Bxd2
0-1

[Event "JAN 2010 STANDARD CHESS TOURNAMENT"]
[Site "SchemingMind.com"]
[Date "2010.01.28"]
[Round "-"]
[White "Naoki_M"]
[Black "mmccaffe"]
[Result "0-1"]
[WhiteCountry "JPN"]
[BlackCountry "USA"]
[WhiteElo "1689"]
[WhiteRD "70"]
[BlackElo "1677"]
[BlackRD "60"]
[GameID "236317"]

1. d4 Nf6 2. c4 g6 3. Nc3 Bg7 4. Nf3 O-O 5. e4 d6 6. Bd3 Nbd7 7. O-O a6 8. Be3 b6 9. a3 Bb7 10. d5 Ng4
11. Nh4 Nxe3 12. fxe3 Nc5 13. Bc2 Nd7 14. Rf2 Ne5 15. Bd3 Bh6 16. Qe2 Nxd3 17. Qxd3 e5 18. Nf3 Bc8 19. Raf1 Bg4 20. Ne2 f5
21. Nd2 Qg5 22. h3 Bxh3 23. exf5 Bxf5 24. Rxf5 Rxf5 25. Rxf5 gxf5 26. Nf3 Qxe3+ 27. Qxe3 Bxe3+ 28. Kf1 f4 29. a4 b5 30. axb5 axb5
31. cxb5 Ra1+ 32. Ne1 Bd2
0-1

[Event "JAN 2010 STANDARD CHESS TOURNAMENT"]
[Site "SchemingMind.com"]
[Date "2010.01.23"]
[Round "-"]
[White "MOIMOI"]
[Black "mmccaffe"]
[Result "0-1"]
[WhiteCountry "POL"]
[BlackCountry "USA"]
[WhiteElo "1597"]
[WhiteRD "54"]
[BlackElo "1645"]
[BlackRD "63"]
[GameID "236319"]

1. Nf3 Nf6 2. Nc3 g6 3. g3 Bg7 4. Bg2 O-O 5. O-O d6 6. d4 c6 7. b4 Nbd7 8. Bh3 Nb6 9. Bxc8 Qxc8 10. Bf4 Nbd5
11. Bd2 Nxb4 12. e4 Na6 13. e5 dxe5 14. dxe5 Nd5 15. Nxd5 cxd5 16. c3 e6 17. Rc1 Qd7 18. Bg5 h6 19. Bf6 Rfc8 20. Bxg7 Kxg7
21. Nd4 Rc5 22. f4 Rac8 23. Rf3 Qc7 24. Nb5 Rxb5 25. g4 Nc5 26. c4 Ne4 27. Re3 Rc5 28. Qe2 Rxc4 29. Rxc4 Qxc4 30. Rd3 Qc1+
31. Kg2 Rc2 32. Qxc2 Qxc2+
0-1

[Event "JAN 2010 STANDARD CHESS TOURNAMENT"]
[Site "SchemingMind.com"]
[Date "2010.01.23"]
[Round "-"]
[White "NAZRIZ1977"]
[Black "mmccaffe"]
[Result "1/2-1/2"]
[WhiteCountry "WLS"]
[BlackCountry "USA"]
[WhiteElo "1852"]
[WhiteRD "59"]
[BlackElo "1677"]
[BlackRD "60"]
[GameID "236320"]

1. c4 Nf6 2. g3 g6 3. Bg2 Bg7 4. Nf3 O-O 5. O-O d6 6. Nc3 Nbd7 7. d3 c6 8. Rb1 c5 9. a3 Ng4 10. Bd2 Nge5
11. b4 Nxf3+ 12. Bxf3 Ne5 13. Bg2 cxb4 14. Rxb4 Nc6 15. Rb1 a6 16. Nd5 e6 17. Nb6 Rb8 18. Nxc8 Qxc8 19. e3 Qc7 20. Qc2 Rfc8
21. Bc3 Bxc3 22. Qxc3 Na7 23. h4 d5 24. Qd4 Nc6 25. Qg4 dxc4 26. Qxc4 Na7 27. Qxc7 Rxc7 28. Rb6 Nc8 29. Rb3 b5 30. Rfb1 Nd6
31. a4 Rbc8 32. axb5 axb5 33. d4 Rc3 34. Rxc3 Rxc3 35. Bf1 Rc2 36. Bxb5 Nxb5 37. Rxb5 Kg7 38. Kg2 Rd2 39. Kf3 Kf6 40. g4 h6=
1/2-1/2

[Event "JAN 2010 STANDARD CHESS TOURNAMENT"]
[Site "SchemingMind.com"]
[Date "2010.01.24"]
[Round "-"]
[White "Constantine"]
[Black "lame wolf"]
[Result "0-1"]
[WhiteCountry "ENG"]
[BlackCountry "INT"]
[WhiteElo "1129"]
[WhiteRD "110"]
[BlackElo "1078"]
[BlackRD "55"]
[GameID "236355"]

1. d4 b5 2. Nf3 a6 3. e3 Bb7 4. Bd3 d5 5. O-O e6 6. Nbd2 Qe7 7. c3 e5 8. Nxe5 Nd7 9. Nef3 c5 10. Re1 c4
11. Bc2 Qd8 12. Qe2 Bd6 13. e4 Ne7 14. e5 Bc7
0-1

[Event "JAN 2010 STANDARD CHESS TOURNAMENT"]
[Site "SchemingMind.com"]
[Date "2010.01.24"]
[Round "-"]
[White "Constantine"]
[Black "APB"]
[Result "0-1"]
[WhiteCountry "ENG"]
[BlackCountry "ENG"]
[WhiteElo "1207"]
[WhiteRD "115"]
[BlackElo "1646"]
[BlackRD "59"]
[GameID "236357"]

1. d4 Nf6 2. Nf3 d5 3. e3 Bf5 4. c3 Nc6 5. Bb5 a6 6. Bd3 Bg4 7. Nbd2 e5 8. dxe5 Nxe5 9. O-O Nxd3 10. b4 Nxc1
11. Rxc1 Bd6
0-1

[Event "JAN 2010 STANDARD CHESS TOURNAMENT"]
[Site "SchemingMind.com"]
[Date "2010.01.24"]
[Round "-"]
[White "Constantine"]
[Black "mmccaffe"]
[Result "0-1"]
[WhiteCountry "ENG"]
[BlackCountry "USA"]
[WhiteElo "1207"]
[WhiteRD "115"]
[BlackElo "1692"]
[BlackRD "61"]
[GameID "236358"]

1. d4 Nf6 2. Nf3 g6 3. c4 Bg7 4. Nc3 O-O 5. Bg5 d6 6. e3 Nbd7 7. Bd3 b6 8. O-O Bb7 9. Rc1 h6 10. Bh4 g5
11. Bg3 c5 12. d5 Ng4 13. Qe2 Nge5
0-1

[Event "JAN 2010 STANDARD CHESS TOURNAMENT"]
[Site "SchemingMind.com"]
[Date "2010.01.24"]
[Round "-"]
[White "Constantine"]
[Black "MOIMOI"]
[Result "0-1"]
[WhiteCountry "ENG"]
[BlackCountry "POL"]
[WhiteElo "1207"]
[WhiteRD "115"]
[BlackElo "1599"]
[BlackRD "54"]
[GameID "236361"]

1. d4 c6 2. Nf3 d5 3. e3 Bg4 4. Bd3 e6 5. O-O h6 6. Nbd2 Bd6 7. c3 Qc7 8. Qe2 Bxh2+ 9. Kh1 Bd6 10. Re1 Nf6
11. e4 dxe4 12. Nxe4 Nxe4
0-1

[Event "JAN 2010 STANDARD CHESS TOURNAMENT"]
[Site "SchemingMind.com"]
[Date "2010.01.24"]
[Round "-"]
[White "lame wolf"]
[Black "Constantine"]
[Result "1-0"]
[WhiteCountry "INT"]
[BlackCountry "ENG"]
[WhiteElo "1078"]
[WhiteRD "55"]
[BlackElo "1129"]
[BlackRD "110"]
[GameID "236363"]

1. c4 Nf6 2. e3 g6 3. Nc3 Bg7 4. Nf3 O-O 5. d3 d6 6. d4 Bg4 7. d5 Nbd7 8. Be2 c5 9. O-O Rb8 10. Qc2 Re8
11. Nd1 a6 12. Bd3 Bxf3 13. g3 b5 14. Nc3 bxc4 15. Bxc4
1-0

[Event "JAN 2010 STANDARD CHESS TOURNAMENT"]
[Site "SchemingMind.com"]
[Date "2010.01.24"]
[Round "-"]
[White "e_castle3"]
[Black "Constantine"]
[Result "1-0"]
[WhiteCountry "PHI"]
[BlackCountry "ENG"]
[WhiteElo "1753"]
[WhiteRD "78"]
[BlackElo "1207"]
[BlackRD "115"]
[GameID "236364"]

1. f4 Nf6 2. Nc3 g6 3. Nf3 Bg7 4. e4 O-O 5. d4 d6 6. Be2 Nbd7 7. O-O c5 8. d5 a6 9. h3 b5 10. e5 dxe5
11. fxe5
1-0

[Event "JAN 2010 STANDARD CHESS TOURNAMENT"]
[Site "SchemingMind.com"]
[Date "2010.01.24"]
[Round "-"]
[White "APB"]
[Black "Constantine"]
[Result "1-0"]
[WhiteCountry "ENG"]
[BlackCountry "ENG"]
[WhiteElo "1646"]
[WhiteRD "59"]
[BlackElo "1207"]
[BlackRD "115"]
[GameID "236365"]

1. e4 c5 2. b4 b6 3. Nf3 d6 4. b5 Nd7 5. d4 Bb7 6. d5 Ngf6 7. Nc3 g6 8. Bb2 Bg7 9. Bd3 O-O 10. O-O Re8
11. Ne2
1-0

[Event "JAN 2010 STANDARD CHESS TOURNAMENT"]
[Site "SchemingMind.com"]
[Date "2010.01.24"]
[Round "-"]
[White "mmccaffe"]
[Black "Constantine"]
[Result "1-0"]
[WhiteCountry "USA"]
[BlackCountry "ENG"]
[WhiteElo "1692"]
[WhiteRD "61"]
[BlackElo "1207"]
[BlackRD "115"]
[GameID "236366"]

1. e4 c5 2. Nf3 d6 3. d4 cxd4 4. Nxd4 Nc6 5. Nc3 Nf6 6. Bg5 g6 7. Nxc6 bxc6 8. Qd2 e5 9. O-O-O Bg7 10. Qxd6 Qxd6
11. Rxd6 Nd7 12. Rxc6 Bb7 13. Rc7 Bc8 14. Bb5 a6 15. Bxd7+
1-0

[Event "JAN 2010 STANDARD CHESS TOURNAMENT"]
[Site "SchemingMind.com"]
[Date "2010.01.24"]
[Round "-"]
[White "MOIMOI"]
[Black "Constantine"]
[Result "1-0"]
[WhiteCountry "POL"]
[BlackCountry "ENG"]
[WhiteElo "1599"]
[WhiteRD "54"]
[BlackElo "1207"]
[BlackRD "115"]
[GameID "236369"]

1. Nf3 Nf6 2. Nc3 g6 3. d4 Bg7 4. e4 O-O 5. Bc4 d6 6. h3 Nbd7 7. Bf4 c5 8. d5 a6 9. e5 dxe5 10. Nxe5 b5
11. Be2 c4 12. a3 Bb7 13. Bf3
1-0

[Event "JAN 2010 STANDARD CHESS TOURNAMENT"]
[Site "SchemingMind.com"]
[Date "2010.01.25"]
[Round "-"]
[White "cnbcad"]
[Black "lame wolf"]
[Result "1-0"]
[WhiteCountry "USA"]
[BlackCountry "INT"]
[WhiteElo "1661"]
[WhiteRD "61"]
[BlackElo "1116"]
[BlackRD "51"]
[GameID "236415"]

1. Nf3 d5 2. d3 c5 3. b3 e6 4. Bb2 d4 5. Nbd2 Nc6 6. g3 Bd6 7. Ne4 e5 8. Nxd6+ Qxd6 9. Qd2 Be6 10. Qg5 g6
11. Ba3 Qe7 12. Qd2 b6 13. Bg2 f6 14. Nh4 Qd6 15. b4
1-0

[Event "JAN 2010 STANDARD CHESS TOURNAMENT"]
[Site "SchemingMind.com"]
[Date "2010.01.26"]
[Round "-"]
[White "cnbcad"]
[Black "e_castle3"]
[Result "0-1"]
[WhiteCountry "USA"]
[BlackCountry "PHI"]
[WhiteElo "1762"]
[WhiteRD "60"]
[BlackElo "1799"]
[BlackRD "70"]
[GameID "236416"]

1. Nf3 Nc6 2. b3 b6 3. Bb2 Bb7 4. d3 d5 5. Nbd2 Qd7 6. e4 d4 7. Nc4 f6 8. g3 e5 9. h4 O-O-O 10. Bh3 Qxh3
11. Rxh3 g6 12. Qe2 Bh6 13. Bc1 Bg7 14. a4 a5 15. Nfd2 Nb4 16. Kf1 Nxc2 17. Ra2 Nb4 18. Rb2 Ne7 19. Nb1 Rhf8 20. Bd2 Nbc6
21. b4 axb4 22. Bxb4 Nxb4 23. Rxb4 f5 24. a5 Nc6 25. Nxb6+ cxb6 26. Qc2 bxa5 27. Rc4 Rd6 28. Na3 fxe4 29. Nb5 Rdf6 30. Rh2 exd3
31. Qxd3 Kd7 32. Qe4 Ke7 33. Qd5 Bh6 34. Na7 Rd8 35. Nxc6+ Bxc6 36. Qxe5+ Kf7 37. f4 Re6 38. Qc7+ Rd7 39. Qxa5 Bf8 40. f5 gxf5
41. Rf2 Be4 42. Rc7 Bd3+ 43. Kg1 Re1+ 44. Qxe1 Rxc7 45. Qd2 Be4 46. g4 Ke6 47. Qa2+ Ke5 48. gxf5 Rc1+ 49. Kh2 Rh1+ 50. Kg3 Rg1+
51. Kh3 Rh1+ 52. Rh2 Bxf5+ 53. Kg3 Rxh2 54. Qxh2 Bd6 55. Kf3+ Kd5 56. Qa2+ Ke5 57. Qa5+ Ke6 58. Qb6 d3 59. Kf2 Kd5 60. Ke3 Bc5+
61. Qxc5+ Kxc5 62. h5 Kc4 63. Kd2 h6 64. Kd1 Kc3 65. Kc1 d2+ 66. Kd1 Bg4#
0-1

[Event "JAN 2010 STANDARD CHESS TOURNAMENT"]
[Site "SchemingMind.com"]
[Date "2010.01.25"]
[Round "-"]
[White "cnbcad"]
[Black "APB"]
[Result "1-0"]
[WhiteCountry "USA"]
[BlackCountry "ENG"]
[WhiteElo "1604"]
[WhiteRD "61"]
[BlackElo "1601"]
[BlackRD "58"]
[GameID "236417"]

1. Nf3 d5 2. d3 Nf6 3. b3 c5 4. Nbd2 Qa5 5. g3 e6 6. Bb2 h6 7. Bg2 Nfd7 8. O-O f6 9. c4 d4 10. e4 dxe3
11. fxe3 g5 12. b4 cxb4 13. Nd4 Qe5 14. Nb5 Qxe3+ 15. Kh1 Qb6 16. Qh5+ Ke7 17. Ne4 Bg7 18. Nbd6 Ne5 19. Bxe5
1-0

[Event "JAN 2010 STANDARD CHESS TOURNAMENT"]
[Site "SchemingMind.com"]
[Date "2010.01.25"]
[Round "-"]
[White "cnbcad"]
[Black "mmccaffe"]
[Result "1-0"]
[WhiteCountry "USA"]
[BlackCountry "USA"]
[WhiteElo "1680"]
[WhiteRD "63"]
[BlackElo "1677"]
[BlackRD "60"]
[GameID "236419"]

1. Nf3 Nf6 2. b3 g6 3. Bb2 Bg7 4. d3 O-O 5. Nfd2 d6 6. f4 Nbd7 7. Nf3 c6 8. e4 Ne8 9. Bxg7 Nxg7 10. Be2 f5
11. exf5 Nxf5 12. Qd2 Qb6 13. d4 Nf6 14. Nc3 Bd7 15. O-O c5 16. Bc4+ Kh8 17. Kh1 cxd4 18. Nd5 Nxd5 19. Bxd5 Ne3 20. Rfe1 Nxd5
21. Nxd4 Nxf4 22. Rxe7 Bc6 23. Nxc6 Qxc6 24. Qd4+
1-0

[Event "JAN 2010 STANDARD CHESS TOURNAMENT"]
[Site "SchemingMind.com"]
[Date "2010.01.29"]
[Round "-"]
[White "cnbcad"]
[Black "Naoki_M"]
[Result "1-0"]
[WhiteCountry "USA"]
[BlackCountry "JPN"]
[WhiteElo "1685"]
[WhiteRD "63"]
[BlackElo "1628"]
[BlackRD "78"]
[GameID "236420"]

1. Nf3 d5 2. b3 c5 3. Bb2 Nc6 4. d3 d4 5. c3 Nf6 6. e4 e5 7. Be2 Be7 8. c4 O-O 9. O-O Bg4 10. h3 Be6
11. Bc1 a5 12. Bg5 h6 13. Bxf6 Bxf6 14. Nbd2 Ne7 15. Nh2 Ng6 16. Bg4 Bxg4 17. Nxg4 Nf4 18. Qf3 Bg5 19. g3 Nxh3+ 20. Kg2 Bxd2
21. Kxh3 Qg5 22. Kg2 Ra6 23. Rh1 Bc3 24. Rad1 Re6 25. Rh4 Kh7 26. Rh5 Qe7 27. Qf5+ Rg6 28. Rdh1 Kg8 29. Nxh6+ gxh6 30. Rxh6 Rxh6
31. Rxh6 f6 32. Rg6+ Kf7 33. Rh6 Rg8 34. Qh5+ Kf8 35. Rh7 Qe8 36. Qh6+
1-0

[Event "JAN 2010 STANDARD CHESS TOURNAMENT"]
[Site "SchemingMind.com"]
[Date "2010.01.25"]
[Round "-"]
[White "cnbcad"]
[Black "NAZRIZ1977"]
[Result "1-0"]
[WhiteCountry "USA"]
[BlackCountry "WLS"]
[WhiteElo "1661"]
[WhiteRD "61"]
[BlackElo "1840"]
[BlackRD "62"]
[GameID "236423"]

1. Nf3 Nf6 2. b3 g6 3. Bb2 Bg7 4. Ng5 O-O 5. f4 d5 6. d3 d4 7. c3 c5 8. c4 Nc6 9. h3 e5 10. g3 exf4
11. gxf4 Nh5 12. Qd2 Qd6 13. h4 Nxf4 14. Na3 a6 15. O-O-O Bh6 16. Kb1 Bg4 17. Bc1 Ne6 18. Qe1 b5 19. Bg2 Rab8 20. Ne4 Bxc1
21. Nxd6 Bxa3 22. Bxc6
1-0

[Event "JAN 2010 STANDARD CHESS TOURNAMENT"]
[Site "SchemingMind.com"]
[Date "2010.01.25"]
[Round "-"]
[White "lame wolf"]
[Black "cnbcad"]
[Result "0-1"]
[WhiteCountry "INT"]
[BlackCountry "USA"]
[WhiteElo "1078"]
[WhiteRD "55"]
[BlackElo "1685"]
[BlackRD "63"]
[GameID "236424"]

1. Nf3 Nc6 2. g3 b6 3. Bg2 Bb7 4. e4 g6 5. O-O Bg7 6. d3 e6 7. Be3 Bxb2 8. c3 Bxa1 9. d4 Qe7 10. e5 f6
11. Nbd2 Bxc3 12. Qb3 Qb4 13. Qxb4 Nxb4 14. Ne1 c6 15. Nb3 Bxe1 16. Rxe1 Nc2 17. Re2 Nxe3
0-1

[Event "JAN 2010 STANDARD CHESS TOURNAMENT"]
[Site "SchemingMind.com"]
[Date "2010.01.25"]
[Round "-"]
[White "e_castle3"]
[Black "cnbcad"]
[Result "0-1"]
[WhiteCountry "PHI"]
[BlackCountry "USA"]
[WhiteElo "1753"]
[WhiteRD "78"]
[BlackElo "1661"]
[BlackRD "61"]
[GameID "236425"]

1. e4 c5 2. Nf3 g6 3. g3 Bg7 4. Bg2 b6 5. O-O Bb7 6. d3 Nf6 7. Nc3 O-O 8. Bg5 d6 9. Qd2 Ng4 10. h3 f6
11. hxg4 fxg5 12. Nxg5 Bh6 13. f4 Bxg5 14. fxg5 Nd7 15. Bf3 Ne5 16. Be2 Nf7 17. Kg2 e5 18. Rh1 Nxg5 19. Nb5 d5 20. exd5 Bxd5+
21. Kh2 Rf2+
0-1

[Event "JAN 2010 STANDARD CHESS TOURNAMENT"]
[Site "SchemingMind.com"]
[Date "2010.01.25"]
[Round "-"]
[White "APB"]
[Black "cnbcad"]
[Result "0-1"]
[WhiteCountry "ENG"]
[BlackCountry "USA"]
[WhiteElo "1627"]
[WhiteRD "61"]
[BlackElo "1762"]
[BlackRD "60"]
[GameID "236426"]

1. e4 c5 2. Nf3 g6 3. d4 cxd4 4. Qxd4 Nf6 5. e5 Nc6 6. Qa4 Nd5 7. Qe4 Nb6 8. Be3 Bg7 9. Nbd2 O-O 10. O-O-O e6
11. Nc4 Nxc4 12. Qxc4 a5 13. Bg5 f6 14. exf6 Bxf6 15. h4 d5 16. Bxf6 Qxf6 17. Qe2 Nb4 18. Kb1 a4 19. a3 Nc6 20. Qe3 Na5
21. Qh6 Nc4 22. Bxc4 dxc4 23. c3 Ra5 24. Ng5 Qg7 25. Qxg7+ Kxg7 26. f3 e5 27. Ka1 h6 28. Ne4 Kg8 29. Nd6 b5 30. Rhe1 Rd8
31. Rxe5 Bf5 32. Re8+ Rxe8 33. Nxe8 Bc2 34. Rd6 Kf7 35. Nc7 Ra7 36. Nxb5 Re7 37. b3 Re1+ 38. Kb2 axb3 39. a4 Rb1+ 40. Ka3 Ra1+
41. Kb2 Ra2+ 42. Kc1 Ra1+ 43. Kb2 Ra2+ 44. Kc1 Bf5 45. Rd2 Rxa4 46. Nd6+ Ke6 47. Nxf5 Kxf5 48. Kb1 Kf4 49. Rd4+ Ke3 50. Rd6 h5
51. Rxg6 Kd3 52. Re6 Ra2 53. Re1 Rxg2
0-1

[Event "JAN 2010 STANDARD CHESS TOURNAMENT"]
[Site "SchemingMind.com"]
[Date "2010.01.25"]
[Round "-"]
[White "mmccaffe"]
[Black "cnbcad"]
[Result "1-0"]
[WhiteCountry "USA"]
[BlackCountry "USA"]
[WhiteElo "1750"]
[WhiteRD "56"]
[BlackElo "1762"]
[BlackRD "60"]
[GameID "236428"]

1. e4 c5 2. Nf3 g6 3. d3 Bg7 4. Nc3 Qa5 5. Bd2 Qb6 6. Rb1 e6 7. g3 Nf6 8. Bg2 Ng4 9. h3 Ne5 10. O-O Nxf3+
11. Qxf3 O-O 12. Ne2 Nc6 13. c3 Ne5 14. Qe3 d6 15. f4 Nc6 16. g4 Ne7 17. Ng3 Nc6 18. f5 exf5 19. gxf5 Be5 20. f6 c4
21. d4 Nxd4 22. Kh1 Ne6 23. Qf3 Qc7 24. h4 d5 25. exd5 Nc5 26. Qe3 Nd7 27. Ne4 Qd8 28. Qg5 Re8 29. Qh6 Nxf6 30. Ng5 Bf5
31. Rxf5 Ng4 32. Qxh7+ Kf8 33. Qxf7#
1-0

[Event "JAN 2010 STANDARD CHESS TOURNAMENT"]
[Site "SchemingMind.com"]
[Date "2010.01.29"]
[Round "-"]
[White "Naoki_M"]
[Black "cnbcad"]
[Result "0-1"]
[WhiteCountry "JPN"]
[BlackCountry "USA"]
[WhiteElo "1627"]
[WhiteRD "80"]
[BlackElo "1661"]
[BlackRD "61"]
[GameID "236429"]

1. e4 c5 2. Nf3 g6 3. Bc4 Bg7 4. d3 b5 5. Bd5 Nc6 6. Be3 Bxb2 7. Nbd2 Bxa1 8. Qxa1 Nf6 9. Bxc5 O-O 10. O-O Bb7
11. Bxc6 Bxc6 12. Nd4 Nh5 13. N2f3 Bb7 14. Qc1 d6 15. Bb4 a5 16. Bd2 b4 17. Bh6 Ng7 18. Nf5 Nxf5 19. exf5 Bxf3 20. gxf3 Re8
21. fxg6 fxg6 22. f4 Qd7 23. Qb2 e5 24. fxe5 Qg4+ 25. Kh1 Qh3 26. Rg1 Qxh6 27. exd6 Rad8 28. Qd4 Qg7 29. Qd5+ Qf7 30. Qxf7+ Kxf7
31. h4 Rxd6 32. Kg2 Re2
0-1

[Event "JAN 2010 STANDARD CHESS TOURNAMENT"]
[Site "SchemingMind.com"]
[Date "2010.01.25"]
[Round "-"]
[White "NAZRIZ1977"]
[Black "cnbcad"]
[Result "0-1"]
[WhiteCountry "WLS"]
[BlackCountry "USA"]
[WhiteElo "1805"]
[WhiteRD "56"]
[BlackElo "1685"]
[BlackRD "63"]
[GameID "236432"]

1. c4 c5 2. g3 g6 3. Bg2 Bg7 4. Nf3 Nf6 5. O-O O-O 6. Nc3 d5 7. cxd5 Nxd5 8. Nxd5 Qxd5 9. d3 Qh5 10. Qc2 Nc6
11. Be3 b6 12. a3 Bb7 13. Rab1 e6 14. b4 Ne5 15. Nxe5 Bxg2 16. Kxg2 Qxe5 17. bxc5 Qd5+ 18. Kg1 Rfc8 19. Rb5 Bf8 20. Rc1 bxc5
21. Bxc5 Qc6 22. Ra5 Qc7 23. Qc3 Bg7 24. Qd2 Bh6 25. e3 Bf8 26. d4 e5 27. a4 Qd8 28. Rb5 a6 29. Rbb1 Bxc5
0-1